00859 2200301 4500001002100000005001500021035002000036007000300056008004100059020002200100040002200122082001500144084001700159090002100176090002200197100003400219245006700253300002800320650002300348850001200371041000800383264003800391336002100429337003000450338002300480700003200503990002200535INLIS00000000084753220190520022813 a0010-0519000867ta190520t2018 yoi g ind d a978-602-51820-7-5 aYOPDYOGbinderda04223a028.55 a028.55 ADD m aDEP 028.55 ADD m aCB-D.11 2018-23781 aAddien Sjafar Qurniaepenulis10aMonster kecil penghisap darah /cpenulis, Addien Sjafar Qurnia avi, 53 halaman ;c21 cm 4aBacaan Kanak-kanak aYOPDYOG0 aind31aYogyakarta :bPustaka Anak,c2018 2rdacontentateks 2rdamediaatanpa perantara 2rdacarrieravolume aOtto Sukatno CRepenyunting aCB-D.11/2018-2378